El teniente Bernardo Quesnay

Guardat en:
Dades bibliogràfiques
Autor principal: Maurois, André
Format: Llibre
Idioma:Undetermined
Publicat: Santiago, Chile Osiris 1936
Matèries:
Etiquetes: Afegir etiqueta
Sense etiquetes, Sigues el primer a etiquetar aquest registre!

MARC

LEADER 00000nam a2200000Ia 4500
008 170316s9999 xx 000 0 und d
040 |a cru BVZT 
090 |a 840 M-16t 
100 |a Maurois, André 
245 |a El teniente Bernardo Quesnay 
260 |a Santiago, Chile 
260 |b Osiris 
260 |c 1936 
300 |a 114 páginas 
650 |a LITERATURA FRANCESA 
999 |c 7804  |d 7804 
942 |c 15 D  |h 840 M-16t  |2 z